[Event "Gelsenkirchen Koenigsspringer op"]
[Site "Gelsenkirchen"]
[Date "2019.12.27"]
[Round "1"]
[White "Hanke, Stefan"]
[Black "Tong, Anthony"]
[Result "0-1"]
[WhiteElo "1941"]
[BlackElo "1468"]
[PlyCount "64"]
[EventDate "2019.12.27"]
[EventType "swiss"]
[EventRounds "7"]
[EventCountry "GER"]
[SourceTitle "CBM 194 Extra"]
[Source "ChessBase"]
[SourceDate "2020.03.31"]
[SourceVersion "1"]
[SourceVersionDate "2020.03.31"]
[SourceQuality "1"]

1. d4 d5 2. c4 c6 3. Nc3 Nf6 4. e3 Bf5 5. cxd5 cxd5 6. Qb3 Qd7 7. Nf3 e6 8. Ne5 Qc8 9. Bd2 Be7 10. Rc1 Nc6 11. Bb5 0-0 12. Na4 Rb8 13. Qd1 Ne4 14. Bxc6 bxc6 15. Nxc6 Qd7 16. Nxb8 Rxb8 17. Bc3 Qb5 18. Qb3 Qe8 19. Qd1 f6 20. 0-0 Qg6 21. f3 Ng5 22. Kh1 Bd6 23. Rf2 Qh6 24. g4 Nxf3 25. gxf5 Nxh2 26. Kg1 Qg5+ 27. Rg2 Qxe3+ 28. Kh1 Qh3 29. Kg1 Qe3+ 30. Kh1 Nf3 31. Bd2 Qe4 32. Be1 Qxf5 0-1